| 000 | 00588nam a2200217 a 4500 | ||
|---|---|---|---|
| 001 | 17612 | ||
| 003 | CO-ViMGA | ||
| 008 | 141112s2004 ck r 000 u spa d | ||
| 020 | _a9586923185 | ||
| 040 |
_aCO-ViMGA _bspa _cCO-ViMGA |
||
| 082 | 0 | 4 | _aI 656.1 G651e |
| 100 | 1 |
_aGomboli, Mario _924957 |
|
| 245 | 1 | 0 | _aEducación Vial |
| 260 |
_aBogotá, _cSan Pablo, _c2002 |
||
| 300 | _a32.p. | ||
| 490 | _aLos consejos del lobo rojo | ||
| 590 | _aForma de adquisición : Proyecto Mincultura | ||
| 650 | 1 | 4 |
_aCUENTOS INFANTILES _92743 |
| 650 | 1 | 4 |
_aeducación VIAL _924958 |
| 942 |
_2ddc _cBK |
||
| 999 |
_c27105 _d27105 |
||